| 000 | 02043nam a22002657a 4500 | ||
|---|---|---|---|
| 003 | UA-OsUOA | ||
| 001 | 69616 | ||
| 007 | ta | ||
| 008 | 20100701b un ||||| |||| 00| 0 ukr d | ||
| 090 |
_a343.13(470+571) _bУ26 |
||
| 942 | _cBK | ||
| 040 |
_aUA-OsUOA _brus _cUA-OsUOA _dUA-OsUOA |
||
| 245 |
_aУголовный поцесс России _bособенная часть, учебник _cПод ред. Лукашевича В. З. |
||
| 300 | _a704 с. | ||
| 955 | _a2 | ||
| 041 | _arus | ||
| 080 | _a343.13(470+571) | ||
| 020 | _a5-9645-001-1 | ||
| 520 | 3 | _aУчебник соответствует Государсвенному образовательному стандарту высшего профессионального образования: включаэт все теми, предусмотренные программами курса уголовного процесса и УПК РФ 2001 г. Подготовлен профессорами и доцентами кафедри уголовного п | |
| 520 | 3 | _aроцесса и криминалистики СПбГУ н основе УПК РФ со всеми изменениями и дополнениями, внесенными в 2002-2004 гг. Федеральное законодательство и иной нормативный материал анализируются в учебнике по состоянию на 1 нваря 20058 г. Предназначен для студенто | |
| 520 | 3 | _aв и слушателей вузов, аспирантов и преподователей, юристов-практиков, а также всех тех, кто интересуется современным российским уголовным процесом и уголовнопроцесуальным правом. | |
| 260 |
_aСПб _bИздательский дом СПб гос. у-та _c2005 |
||
| 650 | 7 |
_a343 Кримінальне право. Карні порушення _2UDC |
|
| 999 |
_c355883 _d355883 |
||